Chappell Roan - Une lettre, une chanson - Statistiques

Statistiques générales
  • Ce quiz a été pris 35 fois
  • Le résultat moyen est 9 sur 14
Statistiques - réponses
Lettres Chansons % Correct
G The Giver / Good Hurt / Good Luck, Babe! / Guilty Pleasure
96%
P Pink Pony Club / Picture You
93%
C California / Casual / Coffee
86%
H HOT TO GO!
86%
S School Nights / The Subway / Sugar High / Super Graphic Ultra Modern Girl
79%
N Naked in Manhattan
68%
F Femininomenon
64%
K Kaleidoscope
64%
M Meantime / My Kink Is Karma
57%
R Red Wine Supernova
57%
A After Midnight
43%
L Love Me Anyway
32%
D Die Young
21%
B Bad For You / Bitter
18%
Aucun quiz correspondant
Distribution des résultats
% des personnes avec chaque résultat
Percentile par nombre de réponses
Votre historique - résultats
Vous n’avez pas pris ce quiz